000 00611nam a2200193Ia 4500
003 GCL
008 140319s9999 xx 000 0 ara d
040 _aGCL /
_cGCL
082 0 4 _a338.47
_bم ص
100 1 _aمحمد راجى البساط
245 1 0 _aصناعة السكر فى الوطن العربى تقرير عام /
_cمحمد راجى البساط
260 _a[S.N] :
_bمعهد الانتماء العربى
300 _a52 ص
490 _aالتقارير الصناعية
_v0
650 0 4 _aالصناعة
650 0 4 _aصناعة وتجارة
650 0 4 _aالسكر
942 _2ddc
_cBK
999 _c34700
_d34700